Report of the commission of inquiry ; (Record no. 62842)

MARC details
000 -LEADER
fixed length control field 00664cam a22002171 4500
001 - CONTROL NUMBER
control field sa 65002832
003 - CONTROL NUMBER IDENTIFIER
control field DLC
005 - DATE AND TIME OF LATEST TRANSACTION
control field 20260227112119.0
008 - FIXED-LENGTH DATA ELEMENTS--GENERAL INFORMATION
fixed length control field 801121s1963 ii f000 0 eng
010 ## - LIBRARY OF CONGRESS CONTROL NUMBER
LC control number sa 65002832
035 ## - SYSTEM CONTROL NUMBER
System control number (OCoLC)6965261
040 ## - CATALOGING SOURCE
Original cataloging agency DLC
Transcribing agency IU
Modifying agency DLC
042 ## - AUTHENTICATION CODE
Authentication code premarc
043 ## - GEOGRAPHIC AREA CODE
Geographic area code a-ii---
050 00 - LIBRARY OF CONGRESS CALL NUMBER
Classification number HD2899
Item number .A54
110 1# - MAIN ENTRY--CORPORATE NAME
Corporate name or jurisdiction name as entry element India.
Subordinate unit Department of Company Law Administration.
245 00 - TITLE STATEMENT
Title Report of the commission of inquiry ;
Remainder of title inquiry on the administration of Dalmia-Jain companies.
260 ## - PUBLICATION, DISTRIBUTION, ETC.
Place of publication, distribution, etc. [Delhi,
Name of publisher, distributor, etc. Manager of Publications,
Date of publication, distribution, etc. 1963]
300 ## - PHYSICAL DESCRIPTION
Extent ix, 815 p.
Dimensions 24 cm.
650 #0 - SUBJECT ADDED ENTRY--TOPICAL TERM
Topical term or geographic name entry element Corporations
Geographic subdivision India
Form subdivision Case studies.

No items available.

Powered by Koha